| 000 | 01668cam a2200265 4500 | ||
|---|---|---|---|
| 001 | ABS64833 | ||
| 008 | 011204n2001 000 0 eng u | ||
| 035 | _a(Sirsi) u115838 | ||
| 245 | _aShea and Singh v Drury (VO) | ||
| 260 | _c2001 | ||
| 490 |
_aRating Appeals _v[2001] RA 263-271(5) |
||
| 520 | _aLT 11 September 2001. Number 1 Altwood Road, Maidenhead, consisted of a ground floor shop and residential flats. Flat 1 was assessed at £1,600 rateable value in 1995 rating list and no 3 at £6,100. The ratepayers sought reductions to £1,014 for no 1 and £3,045 for no 3 using £42 psm zone A, and using a comparable assessment of Tittle Row Stores in Altwood Road West which was in a secondary position and 47 Wootton Way in a main road location. The former was assessed at £80 psm zone while the latter figure was assessed at £150 psm zone. The ratepayers contended that the appeal properties were in a tertiary location and a reduction of 47.5% should be made from the figure of £80 for a secondary location to produce £42 psm zone A. That reduced value took into account the disabilities, including the waiting restrictions and the closure of the eastern end of Altwood Road. "Held, the appeals were allowed and the rateable values reduced to £1,440 for 1 Altwood Road and £5,390 for no 3. | ||
| 590 | _aABS | ||
| 650 | _aANNUAL VALUE | ||
| 650 | _aSHOPS | ||
| 650 |
_aValuation _96273 |
||
| 650 | _aEVIDENCE OF VALUE | ||
| 650 | _aCOMPARABLES | ||
| 650 | _aZONE A | ||
| 650 | _aDISABILITIES | ||
| 650 | _aCOMPOSITE HEREDITAMENTS | ||
| 650 | _aSHEA AND SINGH V DRURY (VO) | ||
| 690 | _aRATING AND LOCAL TAXATION-CASE LAW | ||
| 942 | _n0 | ||
| 999 |
_c69004 _d69004 |
||